00324nam a2200133Ia 4500008004100000020001500041041001200056082001600068100001600084245003700100260002900137300000800166650001600174221030s9999 xx 000 0 und d a8170299934 aEnglish a105.23bKan aY. Kanetkar 0aGraphics Under Ccby Y. Kanetkar bBPB PubaNew Delhic2006 a460 aBE Computer